[Event "45th Sparkassen Open"]
[Site "Dortmund GER"]
[Date "2017.07.20"]
[Round "6.25"]
[White "Sondermann, Dirk"]
[Black "Kasueschke, Lars"]
[Result "0-1"]
[WhiteElo "2041"]
[BlackElo "1916"]
[WhiteFideId "4658116"]
[BlackFideId "12939510"]
[EventDate "2017.07.15"]

1. d4 Nf6 2. Nf3 e6 3. c4 d5 4. Nc3 dxc4 5. Bg5 Bb4 6. e4 c5 7. Bxc4 cxd4 8.
Nxd4 Qa5 9. Bb5+ Nbd7 10. Bxf6 Bxc3+ 11. bxc3 Qxc3+ 12. Kf1 gxf6 13. Rc1 Qb4 14.
Rc4 Qd6 15. Qc1 O-O 16. Ne2 Ne5 17. Rd4 Qb6 18. Ba4 Rd8 19. Rxd8+ Qxd8 20. h4
Bd7 21. Bxd7 Qxd7 22. Nc3 Qd4 23. Rh3 Ng4 24. Qf4 f5 25. Rf3 Rf8 26. exf5 e5 27.
Qg5+ Kh8 28. f6 Rg8 29. Qf5 Nh2+ 30. Kg1 Nxf3+ 31. Qxf3 Qf4 32. Qxf4 exf4 33. f3
Rc8 34. Nb5 Rc1+ 35. Kh2 Rc6 36. Nxa7 Rxf6 37. Nb5 Kg7 38. Kh3 Ra6 39. Nc3 Ra3
40. Nd5 Rxa2 41. Nxf4 b5 42. g4 b4 0-1

[Event "45th Sparkassen Open"]
[Site "Dortmund GER"]
[Date "2017.07.20"]
[Round "6.26"]
[White "Biermann, Lenhard"]
[Black "Lewin, Tammo"]
[Result "1/2-1/2"]
[WhiteElo "1902"]
[BlackElo "2040"]
[WhiteFideId "12970077"]
[BlackFideId "4668596"]
[EventDate "2017.07.15"]

1. d4 Nf6 2. Nf3 e6 3. c4 Bb4+ 4. Bd2 Qe7 5. g3 Nc6 6. Bg2 O-O 7. O-O Bxd2 8.
Nbxd2 d6 9. a3 a5 10. b3 e5 11. e3 h6 12. h3 e4 13. Ne1 Bf5 14. Nc2 Nd8 15. Kh2
Ne6 16. b4 Ng5 17. g4 Bd7 18. b5 Nxh3 19. Bxh3 Nxg4+ 20. Bxg4 Qh4+ 21. Kg2 Bxg4
22. Rh1 Bxd1 23. Rxh4 Bxc2 24. Rc1 Bd3 25. Nxe4 Bxe4+ 1/2-1/2

[Event "45th Sparkassen Open"]
[Site "Dortmund GER"]
[Date "2017.07.20"]
[Round "6.27"]
[White "Kolakovic, Klaudio"]
[Black "Runte, Moritz"]
[Result "0-1"]
[WhiteElo "2017"]
[BlackElo "1862"]
[WhiteFideId "24645800"]
[BlackFideId "12991449"]
[EventDate "2017.07.15"]

1. d4 d5 2. Nc3 Nf6 3. Bg5 e6 4. e4 dxe4 5. Bxf6 Qxf6 6. Nxe4 Qd8 7. Nf3 Be7 8.
Bd3 Nd7 9. O-O O-O 10. Qe2 b6 11. Nd6 cxd6 12. Qe4 Nf6 13. Qxa8 Qc7 14. Nd2 Bb7
15. Qxa7 Ra8 16. Qxa8+ Bxa8 17. c3 g6 18. f3 Nd5 19. Rfe1 Bg5 20. Ne4 Bh6 21. g3
Qd8 22. Re2 f5 23. Nd2 Bxd2 24. Rxd2 Qg5 25. Rf2 Nf4 26. Bf1 h5 27. Kh1 Nd5 28.
Bg2 f4 29. Bh3 fxg3 30. Bxe6+ Kh7 31. Bxd5 Bxd5 32. hxg3 Qxg3 33. Raf1 h4 34. b3
h3 0-1

[Event "45th Sparkassen Open"]
[Site "Dortmund GER"]
[Date "2017.07.20"]
[Round "6.28"]
[White "Bork, Sophie"]
[Black "Manthei, Michael"]
[Result "1-0"]
[WhiteElo "1858"]
[BlackElo "2004"]
[WhiteFideId "12905429"]
[BlackFideId "24605824"]
[EventDate "2017.07.15"]

1. e4 g6 2. d4 Bg7 3. Nc3 h6 4. f4 a6 5. Nf3 e6 6. a4 b6 7. Be2 Bb7 8. O-O Ne7
9. Be3 d5 10. exd5 Nxd5 11. Nxd5 Qxd5 12. c4 Qd6 13. Ne5 Nd7 14. Qc2 Nxe5 15.
dxe5 Qe7 16. c5 bxc5 17. Bxc5 Qd8 18. Rad1 Bd5 19. Bd3 Rg8 20. a5 Bf8 21. Be3
Qb8 22. Be4 c6 23. Qxc6+ 1-0

[Event "45th Sparkassen Open"]
[Site "Dortmund GER"]
[Date "2017.07.20"]
[Round "6.29"]
[White "Delere, Adrian"]
[Black "Borchert, Louis"]
[Result "1/2-1/2"]
[WhiteElo "1805"]
[BlackElo "1996"]
[WhiteFideId "12990400"]
[BlackFideId "12990680"]
[EventDate "2017.07.15"]

1. e4 e5 2. Nf3 Nc6 3. d4 exd4 4. Nxd4 g6 5. Bc4 Bg7 6. Be3 d6 7. O-O Nf6 8. f3
O-O 9. Nc3 Qe7 10. Nd5 Nxd5 11. Bxd5 Ne5 12. Qd2 Nd7 13. c3 Nf6 14. Bb3 Re8 15.
Rfe1 Be6 16. Nxe6 fxe6 17. Rad1 Rad8 18. Bg5 Qf8 19. Qe3 h6 20. Bxf6 Qxf6 21.
Qxa7 Rb8 22. e5 dxe5 23. Rd7 Rec8 24. Rxc7 Bf8 25. Rxc8 Rxc8 26. Qxb7 Rd8 27.
Qc6 Rd6 28. Qe4 Rd2 29. Qxe5 Qxe5 30. Rxe5 Rxb2 31. Bxe6+ Kg7 32. Bb3 Bd6 33.
Re1 Bc5+ 34. Kh1 Be3 35. Rd1 Bd2 36. c4 Kf6 37. g3 g5 38. Rf1 Be3 39. Re1 Bc5
40. Rc1 h5 41. Rc2 Rb1+ 42. Kg2 Rg1+ 43. Kh3 Rf1 44. Kg2 Rg1+ 45. Kh3 Rf1 46.
Kg2 Rg1+ 1/2-1/2

[Event "45th Sparkassen Open"]
[Site "Dortmund GER"]
[Date "2017.07.20"]
[Round "6.30"]
[White "Maniocha, Marek"]
[Black "Nasoyan, Maksim"]
[Result "0-1"]
[WhiteElo "1996"]
[BlackElo "1860"]
[WhiteFideId "4636821"]
[BlackFideId "16220331"]
[EventDate "2017.07.15"]

1. d4 Nf6 2. c4 c5 3. e3 g6 4. Nc3 Bg7 5. g3 O-O 6. Bg2 a6 7. Nge2 Nc6 8. O-O
Rb8 9. e4 d6 10. dxc5 dxc5 11. Be3 b6 12. Bf4 e5 13. Bg5 h6 14. Bd2 Nd4 15. Nd5
Be6 16. Nec3 b5 17. b3 bxc4 18. bxc4 Rb2 19. Rb1 Qb8 20. Na4 Rxb1 21. Qxb1 Nd7
22. Qd3 Qd6 23. Ba5 Kh7 24. h3 Qc6 25. Nac3 Rb8 26. Rb1 Rxb1+ 27. Qxb1 Nf6 28.
f4 Nh5 29. f5 gxf5 30. exf5 Bxf5 31. Qe1 Bxh3 32. Qf2 Bxg2 33. Kxg2 Qg6 34. Bd8
e4 35. Nf4 Nxf4+ 36. Qxf4 Ne6 37. Qxe4 Bxc3 0-1

[Event "45th Sparkassen Open"]
[Site "Dortmund GER"]
[Date "2017.07.20"]
[Round "6.31"]
[White "Harringer, Manfred"]
[Black "Dannehr, Juergen"]
[Result "0-1"]
[WhiteElo "1979"]
[BlackElo "1845"]
[WhiteFideId "12958336"]
[BlackFideId "16211758"]
[EventDate "2017.07.15"]

1. e4 c5 2. Nf3 e6 3. c4 Nc6 4. Nc3 Nf6 5. d4 cxd4 6. Nxd4 d6 7. Be2 Be7 8. Be3
O-O 9. O-O Bd7 10. Rc1 a6 11. f3 Rc8 12. Qd2 Qc7 13. Rfd1 Rfd8 14. Bf1 Ne5 15.
b3 Qb8 16. Qf2 d5 17. cxd5 Neg4 18. fxg4 Nxg4 19. Qf4 e5 20. Qg3 Nxe3 21. Ne6
fxe6 22. dxe6 Nxd1 23. Nd5 Qa7+ 0-1

[Event "45th Sparkassen Open"]
[Site "Dortmund GER"]
[Date "2017.07.20"]
[Round "6.32"]
[White "Gramb, Marius"]
[Black "Jacobi, Niklas"]
[Result "1-0"]
[WhiteElo "2110"]
[BlackElo "1933"]
[WhiteFideId "24656593"]
[BlackFideId "16244079"]
[EventDate "2017.07.15"]

1. d4 Nf6 2. c4 e6 3. g3 d5 4. Nf3 c5 5. cxd5 exd5 6. Bg2 Be7 7. O-O O-O 8. Nc3
Nc6 9. dxc5 Bxc5 10. Na4 Bd6 11. Be3 h6 12. Rc1 Bf5 13. Nc5 Bxc5 14. Rxc5 Be4
15. Nd4 Nxd4 16. Bxd4 Bxg2 17. Kxg2 Re8 18. Qc2 a6 19. Rc1 Ne4 20. Rc7 b5 21. e3
Nd6 22. Qc6 Rc8 23. Rxc8 Qxc8 24. Rc5 Qxc6 25. Rxc6 Nf5 26. Rxa6 Nxd4 27. exd4
Re2 28. Ra8+ Kh7 29. b4 Rd2 30. Ra5 Rxd4 31. Rxb5 Rd3 32. a4 Ra3 33. a5 d4 34.
Rd5 d3 35. Kf3 Rb3 36. b5 d2+ 37. Ke2 Rb2 38. a6 Ra2 39. Rxd2 Ra5 40. Rb2 Kg6
41. Kf1 Kf5 42. a7 1-0

[Event "45th Sparkassen Open"]
[Site "Dortmund GER"]
[Date "2017.07.20"]
[Round "6.33"]
[White "Nguyen, Lucas"]
[Black "Oezen, Alf"]
[Result "0-1"]
[WhiteElo "1934"]
[BlackElo "1981"]
[WhiteFideId "1049640"]
[BlackFideId "12985430"]
[EventDate "2017.07.15"]

1. e4 c5 2. Nf3 d6 3. d4 cxd4 4. Nxd4 Nf6 5. Nc3 a6 6. f3 Qc7 7. Be3 e5 8. Nb3
Be6 9. Qd2 Nc6 10. O-O-O b5 11. Kb1 Na5 12. Nxa5 Qxa5 13. Nd5 Qxd2 14. Rxd2 Nxd5
15. exd5 Bd7 16. Bd3 f5 17. Re1 Be7 18. Bf2 g5 19. c4 bxc4 20. Bxc4 Kf7 21. Bg3
f4 22. Bf2 Rhb8 23. Ka1 Bd8 24. Rc1 Ba5 25. Rdc2 Bf5 26. Re2 Rc8 27. b3 Bd3 28.
Rb2 Bb4 29. Rd1 Bxc4 30. bxc4 Bc3 31. Rc1 Bxb2+ 32. Kxb2 Kf6 33. Kc3 Rab8 34.
Be1 h5 35. h3 Rb7 36. Bd2 Rcb8 37. Rc2 Kf5 38. Bc1 g4 39. h4 gxf3 40. gxf3 Rg8
41. Rf2 Rg3 42. Ba3 Rd7 43. Kd2 Rh3 44. Ke2 Rxh4 45. Rg2 Rh3 46. Kf2 h4 47. Bb4
Rh1 48. Rg1 Rxg1 49. Kxg1 e4 0-1

[Event "45th Sparkassen Open"]
[Site "Dortmund GER"]
[Date "2017.07.20"]
[Round "6.34"]
[White "Schmitz, Edgar"]
[Black "Wastian, Jan"]
[Result "1/2-1/2"]
[WhiteElo "1909"]
[BlackElo "1878"]
[WhiteFideId "24675270"]
[BlackFideId "12911640"]
[EventDate "2017.07.15"]

1. e4 c6 2. d4 d5 3. f3 e6 4. Nc3 Bb4 5. Be3 dxe4 6. a3 Bxc3+ 7. bxc3 Qa5 8.
fxe4 Qxc3+ 9. Bd2 Qxd4 10. Bd3 e5 11. h3 Be6 12. Nf3 Qd6 13. O-O Nd7 14. Qe2 Ne7
15. Qf2 f6 16. Rfd1 Qc7 17. Be3 Ng6 18. Qg3 O-O 19. Nd4 Nc5 20. Nxe6 Nxe6 21.
Bc4 Qe7 22. Qg4 Rfe8 23. Rd2 Kh8 24. Qd1 Nef8 1/2-1/2

[Event "45th Sparkassen Open"]
[Site "Dortmund GER"]
[Date "2017.07.20"]
[Round "6.35"]
[White "Ciornei, Dragos"]
[Black "Boehm, Juergen2"]
[Result "0-1"]
[WhiteElo "2118"]
[BlackElo "2217"]
[WhiteFideId "4619200"]
[BlackFideId "4606434"]
[EventDate "2017.07.15"]

1. e4 e6 2. d4 d5 3. Nd2 Nf6 4. e5 Nfd7 5. Bd3 c5 6. c3 Nc6 7. Ne2 cxd4 8. cxd4
f6 9. exf6 Nxf6 10. Nf3 Bd6 11. O-O Qc7 12. Nc3 a6 13. Be3 O-O 14. Rc1 Bd7 15.
Na4 Be8 16. Ng5 Bxh2+ 17. Kh1 Bd6 18. Nxe6 Qe7 19. Nxf8 Bh5 20. Bxh7+ Kxf8 21.
Qd3 Nxh7 22. Qf5+ Nf6 23. Nb6 g6 24. Bh6+ Kf7 25. Qg5 Rh8 26. Rfe1 Be2 27. Rc2
Qf8 28. Qxf6+ Kxf6 29. Nd7+ Kf7 30. Nxf8 Rxh6+ 31. Kg1 Bh2+ 32. Kh1 Bg4 0-1

[Event "45th Sparkassen Open"]
[Site "Dortmund GER"]
[Date "2017.07.20"]
[Round "6.36"]
[White "Steinle, Carsten"]
[Black "Seref, Erdogan"]
[Result "1-0"]
[WhiteElo "2237"]
[BlackElo "1835"]
[WhiteFideId "24676462"]
[BlackFideId "16206827"]
[EventDate "2017.07.15"]

1. Nf3 d5 2. g3 Nf6 3. Bg2 e6 4. O-O Be7 5. d3 O-O 6. Nbd2 c5 7. e4 Nc6 8. Re1
Qc7 9. c3 b6 10. e5 Nd7 11. Qe2 Bb7 12. Nf1 Rac8 13. h4 d4 14. c4 a6 15. Bf4 b5
16. b3 Nb4 17. N1h2 Bc6 18. a3 Bxf3 19. Bxf3 Nc6 20. Ng4 Rfe8 21. Kg2 Bf8 22. h5
Nd8 23. Rh1 bxc4 24. bxc4 Rb8 25. Be4 Rb6 26. Bg5 Be7 27. Bf4 Bf8 28. Qf3 Rb2
29. Rae1 Rb6 30. h6 g6 31. Qd1 Nc6 32. Bf3 Qc8 33. Qa4 Ne7 34. Rb1 Rxb1 35. Rxb1
Nf5 36. Bc6 Rd8 37. Bxd7 Rxd7 38. Nf6+ Kh8 39. Qxd7 Qxd7 40. Nxd7 Bxh6 1-0

[Event "45th Sparkassen Open"]
[Site "Dortmund GER"]
[Date "2017.07.20"]
[Round "6.37"]
[White "Biermann, Florian"]
[Black "Elefteriadis, Paul-Gabriel"]
[Result "1-0"]
[WhiteElo "1939"]
[BlackElo "1891"]
[WhiteFideId "12970069"]
[BlackFideId "24626236"]
[EventDate "2017.07.15"]

1. c4 g6 2. g3 Bg7 3. Bg2 c5 4. Nc3 Nc6 5. a3 d6 6. Rb1 a5 7. d3 e6 8. e4 Nge7
9. Nge2 O-O 10. O-O Bd7 11. Be3 Rc8 12. Qd2 Nd4 13. b4 Nxe2+ 14. Nxe2 cxb4 15.
axb4 a4 16. b5 b6 17. Qb4 Qc7 18. Qxa4 Ra8 19. Qb3 Ra7 20. Bd4 e5 21. Bc3 Be6
22. Ra1 Rfa8 23. Rxa7 Rxa7 24. Ra1 f5 25. Rxa7 Qxa7 26. Bb2 fxe4 27. Bxe4 Kf7
28. Qa3 Qxa3 29. Bxa3 d5 30. cxd5 Nxd5 31. Kg2 Ke8 32. Bb2 Nb4 33. Nc3 Bf5 34.
Ba3 Nxd3 35. Bxf5 gxf5 36. Nd5 e4 37. Nxb6 Bd4 38. Nd5 Nxf2 39. b6 e3 40. b7 Be5
41. Nxe3 Ne4 42. Nxf5 Kd7 43. Nd6 1-0

[Event "45th Sparkassen Open"]
[Site "Dortmund GER"]
[Date "2017.07.20"]
[Round "6.38"]
[White "Seref, Serkan"]
[Black "Dyballa, Gerhard"]
[Result "1/2-1/2"]
[WhiteElo "1910"]
[BlackElo "1957"]
[WhiteFideId "16205561"]
[BlackFideId "4645189"]
[EventDate "2017.07.15"]

1. c4 e5 2. Nc3 Nf6 3. e4 Bc5 4. Nf3 d6 5. h3 O-O 6. d3 h6 7. a3 a5 8. Be2 Nc6
9. O-O Be6 10. Be3 Nd4 11. Bxd4 exd4 12. Nb5 Bd7 13. Nbxd4 Nh5 14. Nc2 Nf4 15.
d4 Bb6 16. Kh2 Qf6 17. Qd2 g5 18. Rh1 Rae8 19. Bd3 Nxd3 20. Qxd3 Qf4+ 21. g3
Qxe4 22. Qxe4 Rxe4 23. Rhe1 Rfe8 24. Rxe4 Rxe4 25. Re1 Rxe1 26. Nfxe1 a4 27. Kg2
Bf5 28. h4 Be4+ 29. f3 Bg6 30. hxg5 hxg5 31. Kf2 c6 32. Ke3 Bf5 33. f4 1/2-1/2

[Event "45th Sparkassen Open"]
[Site "Dortmund GER"]
[Date "2017.07.21"]
[Round "7.1"]
[White "Nalbandian, Tigran"]
[Black "Hausrath, Daniel"]
[Result "1/2-1/2"]
[WhiteTitle "GM"]
[BlackTitle "GM"]
[WhiteElo "2458"]
[BlackElo "2482"]
[WhiteFideId "13300245"]
[BlackFideId "4617495"]
[EventDate "2017.07.15"]

1. d4 Nf6 2. Nf3 g6 3. g3 Bg7 4. Bg2 O-O 5. O-O c6 6. c4 d6 7. Nc3 Qa5 8. h3 Qa6
9. b3 b5 10. Nd2 Bb7 11. Bb2 Nbd7 12. Qc2 Rfc8 13. Rfd1 1/2-1/2

[Event "45th Sparkassen Open"]
[Site "Dortmund GER"]
[Date "2017.07.21"]
[Round "7.2"]
[White "Henrichs, Thomas"]
[Black "Osipiak, Grzegorz"]
[Result "1-0"]
[WhiteTitle "IM"]
[WhiteElo "2491"]
[BlackElo "2338"]
[WhiteFideId "4626605"]
[BlackFideId "1109154"]
[EventDate "2017.07.15"]

1. Nf3 Nf6 2. c4 g6 3. Nc3 Bg7 4. e4 d6 5. d4 O-O 6. Be2 e5 7. d5 Na6 8. Be3 Nc5
9. Nd2 a5 10. a3 Bd7 11. b4 axb4 12. axb4 Rxa1 13. Qxa1 Na6 14. Qa3 Ng4 15. Bxg4
Bxg4 16. c5 dxc5 17. bxc5 Bc8 18. O-O f5 19. f3 Rf7 20. Rb1 Bf8 21. Nc4 fxe4 22.
fxe4 Qf6 23. d6 c6 24. Qb2 b5 25. cxb6 Bxd6 26. Na4 Bb7 27. Qe2 Bb4 28. Rd1 Qe7
29. Nab2 Nc5 30. Nd6 Ba6 31. Nbc4 Rf8 32. Qb2 Bxc4 33. Qxb4 Be2 34. Bxc5 Bxd1
35. Nf5 Qd8 36. Nh6+ Kh8 37. Bxf8 Be2 1-0

[Event "45th Sparkassen Open"]
[Site "Dortmund GER"]
[Date "2017.07.21"]
[Round "7.3"]
[White "Schleining, Zoya"]
[Black "Kashlinskaya, Alina"]
[Result "1/2-1/2"]
[WhiteTitle "IM"]
[BlackTitle "IM"]
[WhiteElo "2369"]
[BlackElo "2438"]
[WhiteFideId "4671660"]
[BlackFideId "4198026"]
[EventDate "2017.07.15"]

1. Nf3 d5 2. d4 Nf6 3. c4 e6 4. Nc3 Bb4 5. Bg5 h6 6. Bxf6 Qxf6 7. Qb3 c5 8. cxd5
exd5 9. a3 Bxc3+ 10. Qxc3 b6 11. e3 O-O 12. dxc5 Qxc3+ 13. bxc3 bxc5 14. O-O-O
Be6 15. c4 dxc4 16. Ne5 Na6 17. Rd6 Nc7 18. Bxc4 Rab8 19. Rhd1 Bxc4 20. Nxc4 Na8
21. Ne5 Nb6 22. Nc6 Rb7 23. Rd8 g6 24. Rxf8+ Kxf8 25. Rd8+ Kg7 26. Na5 Re7 27.
Rd6 Re4 28. Rc6 Ra4 29. Rxc5 Rxa3 30. Nc6 Ra1+ 31. Kd2 a5 32. Rb5 Ra2+ 33. Ke1
Nc4 34. Rc5 Nb2 35. Rc2 a4 36. Ke2 a3 37. Nb4 Ra1 38. Kf3 Rb1 39. Na2 Na4 40.
Kf4 Nb2 41. Rc3 Nd1 42. Rxa3 Rb2 43. Nc3 Nxf2 44. Na2 Rxa2 45. Rxa2 1/2-1/2

[Event "45th Sparkassen Open"]
[Site "Dortmund GER"]
[Date "2017.07.21"]
[Round "7.4"]
[White "Jugelt, Tobias"]
[Black "Heider, Martin"]
[Result "1-0"]
[WhiteTitle "IM"]
[WhiteElo "2431"]
[BlackElo "2356"]
[WhiteFideId "4626150"]
[BlackFideId "24668389"]
[EventDate "2017.07.15"]

1. Nf3 Nf6 2. g3 g6 3. Bg2 Bg7 4. O-O O-O 5. d4 c5 6. c3 d6 7. dxc5 dxc5 8. Qxd8
Rxd8 9. Ne5 Nfd7 10. Nc4 Ne5 11. Nxe5 Bxe5 12. Be3 Na6 13. Na3 Rb8 14. Nb5 Be6
15. a4 Bc4 16. Rfe1 Bd6 17. Nxa7 Nc7 18. Kf1 Kf8 19. Be4 Ra8 20. Nb5 Nxb5 21.
axb5 Bxb5 22. Bxb7 Rab8 23. Be4 Bc4 24. Reb1 Bb3 25. Rc1 f5 26. Bc2 Be6 27. Rcb1
c4 28. Ra2 Kf7 29. Rba1 Kf6 30. h4 Rb7 31. Ke1 Rdb8 32. Bc1 Bd5 33. Ra6 Kf7 34.
R1a5 Be6 35. e4 Rb5 36. Rxb5 Rxb5 37. Ke2 Bc8 38. Ra4 Be6 39. f4 fxe4 40. Bxe4
Kf6 41. Kf2 Bc5+ 42. Kg2 h5 43. Bf3 Bd6 44. Be2 Bd5+ 45. Kf2 Rc5 46. Be3 Rc8 47.
Ra5 Be6 48. Bd4+ Kf7 49. Rb5 Bd7 50. Rb7 Be6 51. Bf3 Bf5 52. Bd5+ Kf8 53. Ke3
Ke8 54. Ra7 e6 55. Bf3 Bb8 56. Rh7 Bd3 57. b4 Bd6 58. Rh8+ Kd7 59. Rxc8 Kxc8 60.
Be4 Bxe4 61. Kxe4 Bc7 62. Bc5 Kd7 63. Kd4 Kc6 64. Kxc4 e5 65. b5+ Kd7 66. Be3 1-0

[Event "45th Sparkassen Open"]
[Site "Dortmund GER"]
[Date "2017.07.21"]
[Round "7.5"]
[White "Guelsen, Taylan"]
[Black "Happe, Ulrich"]
[Result "1-0"]
[WhiteElo "2095"]
[BlackElo "2064"]
[WhiteFideId "24603635"]
[BlackFideId "24683175"]
[EventDate "2017.07.15"]

1. d4 Nf6 2. Bf4 d5 3. e3 c5 4. c3 Nc6 5. Nd2 cxd4 6. exd4 Bf5 7. Qb3 Qc8 8.
Ngf3 e6 9. Be2 Be7 10. Ne5 Nd7 11. Ndf3 Ndxe5 12. Nxe5 f6 13. Bh5+ g6 14. Nxc6
bxc6 15. Be2 g5 16. Bg3 Qd7 17. Ba6 Bd6 18. Qb7 Rb8 19. Qxd7+ Kxd7 20. b4 h5 21.
Kd2 h4 22. Bxd6 Kxd6 23. Rhe1 e5 24. a3 Rbe8 25. Rad1 Bg4 26. Rc1 Bd7 27. c4
exd4 28. c5+ Kc7 29. Rxe8 Rxe8 30. Re1 Re5 31. g3 Bf5 32. gxh4 gxh4 33. Rg1 Bd7
34. Bd3 Rg5 35. Rxg5 fxg5 36. Bg6 Kd8 37. Kd3 Ke7 38. Kxd4 Kf6 39. Bd3 Ke6 40.
a4 Bc8 41. b5 Bb7 42. h3 g4 43. hxg4 h3 44. Bf1 h2 45. Bg2 a6 46. bxc6 Bxc6 47.
a5 Kf6 48. f4 Bd7 49. g5+ Kf5 50. Kxd5 Kxf4 51. g6 Bh3 52. Bh1 Bg4 53. g7 Bf3+
54. Kd4 Bxh1 55. g8=Q 1-0

[Event "45th Sparkassen Open"]
[Site "Dortmund GER"]
[Date "2017.07.21"]
[Round "7.6"]
[White "Goossens, Hanne"]
[Black "Podzielny, Karl-Heinz"]
[Result "0-1"]
[WhiteTitle "WFM"]
[BlackTitle "IM"]
[WhiteElo "2175"]
[BlackElo "2395"]
[WhiteFideId "200468"]
[BlackFideId "4600215"]
[EventDate "2017.07.15"]

1. e4 c5 2. Nf3 e6 3. d4 cxd4 4. Nxd4 a6 5. Nc3 Qc7 6. Be2 Nf6 7. O-O d6 8. Be3
b5 9. a3 Bb7 10. Bd3 Nbd7 11. Qe2 Rc8 12. Kh1 Be7 13. f4 Qb8 14. Rae1 h5 15. Nf3
h4 16. Ng5 Qa8 17. Bd2 Nc5 18. Nh3 g6 19. b4 Ncd7 20. e5 dxe5 21. fxe5 Nxe5 22.
Qxe5 Bxg2+ 23. Kg1 Bxh3 24. Be4 Qa7+ 25. Rf2 Qxf2+ 0-1

[Event "45th Sparkassen Open"]
[Site "Dortmund GER"]
[Date "2017.07.21"]
[Round "7.7"]
[White "Ramien, David"]
[Black "Bomans, Arno"]
[Result "0-1"]
[BlackTitle "FM"]
[WhiteElo "2070"]
[BlackElo "2250"]
[WhiteFideId "12948241"]
[BlackFideId "206024"]
[EventDate "2017.07.15"]

1. d4 f5 2. Nc3 Nf6 3. Bg5 d5 4. Bxf6 exf6 5. e3 Be6 6. Qf3 Qd7 7. Bb5 Nc6 8.
Nge2 O-O-O 9. Nf4 Bf7 10. Nd3 g6 11. a3 Qe6 12. O-O h5 13. b4 h4 14. Rfc1 g5 15.
Bxc6 Qxc6 16. Qxf5+ Be6 17. b5 Qd7 18. Qxf6 Be7 19. Qe5 b6 20. e4 Bd6 21. Qxg5
Rdg8 22. Qe3 Bh3 23. g3 Qh7 24. e5 Bg4 25. Qd2 Bf3 26. Qf4 hxg3 27. Qxf3 Qxh2+
28. Kf1 gxf2 29. Nxf2 Rf8 30. Qg4+ Kb8 31. Qg2 Rxf2+ 32. Qxf2 Rf8 33. Qxf8+ Bxf8
34. Ne2 Bh6 35. Ke1 Be3 36. c3 Qh1+ 0-1

[Event "45th Sparkassen Open"]
[Site "Dortmund GER"]
[Date "2017.07.21"]
[Round "7.8"]
[White "Luft, Dennis"]
[Black "Heinert, Eugen"]
[Result "1-0"]
[WhiteElo "2219"]
[BlackElo "2168"]
[WhiteFideId "24623717"]
[BlackFideId "24621390"]
[EventDate "2017.07.15"]

1. e4 e6 2. d4 d5 3. Nd2 c5 4. exd5 Qxd5 5. Ngf3 cxd4 6. Bc4 Qd6 7. O-O Nf6 8.
Nb3 Nc6 9. Nbxd4 Nxd4 10. Nxd4 a6 11. c3 Qc7 12. Qe2 Bd6 13. h3 h6 14. Nf5 Bh2+
15. Kh1 O-O 16. Nxh6+ gxh6 17. g3 b5 18. Bd3 Bb7+ 19. Kxh2 Qc6 20. Rg1 Kg7 21.
Bxh6+ Kg8 22. Qe5 1-0

[Event "45th Sparkassen Open"]
[Site "Dortmund GER"]
[Date "2017.07.21"]
[Round "7.9"]
[White "Boehm, Juergen2"]
[Black "Van Cappellen, Jonas"]
[Result "1/2-1/2"]
[WhiteElo "2217"]
[BlackElo "2141"]
[WhiteFideId "4606434"]
[BlackFideId "263796"]
[EventDate "2017.07.15"]

1. d4 Nf6 2. Bg5 d5 3. Bxf6 gxf6 4. c4 dxc4 5. e3 c5 6. Bxc4 cxd4 7. exd4 Bg7 8.
Nc3 O-O 9. Nge2 f5 10. O-O Nc6 11. d5 Ne5 12. Bb3 Qd6 13. h3 Bd7 14. Ba4 Rfd8
15. Bxd7 Rxd7 16. Qa4 Ng6 17. Rad1 Rad8 18. Ng3 Bxc3 19. bxc3 f4 20. Nf5 Qe5 21.
Nh6+ Kf8 22. Ng4 Qg5 23. Kh1 Rxd5 24. Rxd5 Qxd5 25. Qxa7 f3 26. g3 Qh5 27. Kh2
Rd5 28. Ne3 Rd2 29. Qxb7 Rxa2 30. c4 e6 31. Qb4+ Kg7 32. Ng4 Qf5 33. Qc3+ e5 34.
Ne3 Qe4 1/2-1/2

[Event "45th Sparkassen Open"]
[Site "Dortmund GER"]
[Date "2017.07.21"]
[Round "7.10"]
[White "Zill, Christoph"]
[Black "Tueckmantel, Rene"]
[Result "1/2-1/2"]
[WhiteTitle "FM"]
[WhiteElo "2213"]
[BlackElo "2130"]
[WhiteFideId "4688856"]
[BlackFideId "24618012"]
[EventDate "2017.07.15"]

1. e4 e5 2. f4 exf4 3. Bc4 Nf6 4. Nc3 c6 5. Bb3 d5 6. exd5 cxd5 7. d4 Bd6 8.
Nge2 f3 9. gxf3 O-O 10. Bg5 Be6 11. Qd2 Be7 12. O-O-O Nc6 13. Rhg1 Kh8 14. Nf4
Na5 15. Bxf6 Nxb3+ 16. axb3 Bxf6 17. Nh5 g6 18. Nxf6 Qxf6 19. Qg5 Qxg5+ 20. Rxg5
Rac8 21. Re5 Rfd8 22. Ne2 Kg7 23. Kd2 Rc7 24. Nf4 Kf6 25. Rde1 Rd6 26. c3 Rcd7
27. Ra1 b6 28. b4 Rc7 29. h4 h6 30. Ne2 Rd8 31. Ng3 Rg8 32. f4 Rd7 33. Rg1 Rdd8
34. h5 g5 35. fxg5+ Rxg5 36. Rf1+ Kg7 37. Nf5+ Kh7 38. Ne3 Rxe5 39. dxe5 d4 40.
Nf5 dxc3+ 41. Kxc3 Rd5 42. Nd6 Rxe5 43. Nxf7 Rxh5 44. Nd8 Bd5 45. Ra1 Kg6 46.
Rxa7 b5 47. Ra6+ Kf5 48. Kd4 Bc4 49. Nb7 Rh4+ 50. Kc5 Be2 51. Nd6+ Kf4 52. Rb6
Rh5+ 53. Kc6 Bf3+ 54. Kc7 Be2 55. Kc6 Bf3+ 56. Kc7 Be2 57. Kc6 1/2-1/2

[Event "45th Sparkassen Open"]
[Site "Dortmund GER"]
[Date "2017.07.21"]
[Round "7.11"]
[White "Koellner, Ruben Gideon"]
[Black "Wagner, Alexej"]
[Result "1/2-1/2"]
[WhiteElo "2078"]
[BlackElo "2277"]
[WhiteFideId "12993093"]
[BlackFideId "4129555"]
[EventDate "2017.07.15"]

1. d4 d5 2. Bf4 Nf6 3. e3 c5 4. c3 Nc6 5. Nd2 e6 6. Bd3 Bd6 7. Bxd6 Qxd6 8. f4
b6 9. a3 Bb7 10. Ngf3 Ne7 11. Ne5 Nf5 12. Qf3 Qe7 13. Bb5+ Kf8 14. Bd3 Nd6 15.
Qe2 Nfe4 16. Bxe4 dxe4 17. b4 Rc8 18. O-O f6 19. Ng4 Kf7 20. Rfc1 Rc7 21. dxc5
bxc5 22. Nb3 c4 23. Nc5 Bd5 24. Rd1 g6 25. Nf2 Qe8 26. Qc2 Qc6 27. Qd2 1/2-1/2